Dans quel univers de fiction rencontre-t-on ces ruines? - Statistiques

Statistiques générales
  • Ce quiz a été pris 13 fois
  • Le résultat moyen est 6 sur 32
Statistiques - réponses
Ruines Univers % Correct
Ancienne Valyria Game of Thrones
82%
Ruines Soneau The Legend of Zelda
73%
Pays des Ruines Mario
64%
Ruines d'Alpha Pokémon
55%
Ruines d'Osgiliath Le Seigneur des Anneaux
45%
Ruines du District 12 Hunger Games
36%
Ruines anciennes de Kranioi Assassin's Creed
27%
Ruines de Cair Paravel Le Monde de Narnia
27%
Ruines de Shandora One Piece
27%
Ruines de Nemuria Dragon Ball Z
18%
Ruines Radis Kirby
18%
Ruines Sec Sec Mario Kart
18%
Mystic Ruins Sonic The Hedgehog
18%
Ruines de Volkihar The Elder Scrolls
18%
Ruines côtières Tomb Raider
18%
Ruines amazoniennes Uncharted
18%
Cracked Call of Duty
9%
Ruines de Dundrasil Dragon Quest
9%
Ruines de la Capitale Antique Fairy Tail
9%
Ruines lunaires Final Fantasy
9%
Ruines de Liyue Genshin Impact
9%
Ruines d'Icathia League of Legends
9%
Ruines de sentier Minecraft
9%
Ruines du centre d'entraînement de l'Umbra Bayonetta
0%
Ruines de Crompton Dune
0%
Ruines de Moorth Elden Ring
0%
Ruines du Tombeau du Roi Frieren
0%
Forteresse Oubliée (Ruines du Jardin Radieux) Kingdom Hearts
0%
Ruines d'Oncha La Quête d'Ewilan
0%
Ruines de la Maison du Loup Les Héros de l'Olympe
0%
Ruines de la ville A One Punch Man
0%
Ruines Arc-en-Ciel, la Cité Ancienne Yu-Gi-Oh!
0%
Aucun quiz correspondant
Distribution des résultats
% des personnes avec chaque résultat
Percentile par nombre de réponses
Votre historique - résultats
Vous n’avez pas pris ce quiz